00513nam a22001697a 450000500170000001000310001702000260004803500310007403700140010503700190011908200060013810000250014424500530016926000350022227000610025730000250031820120216122340.0 aB-453592-610 B-456468-486 a9780140188547c299.00 aB-453592-610 B-456468-486 bR.B.C/VEN bAllied Pub/Ven aS aTagore, Rabindranath aSelected short stories /cby Rabindranath Tagore aNew DelhibPenguin Booksc2000 a11, Community Center,Panchsheel Park,bNew Delhie110017 aviii,322pc20cm(pbk)